Wrexham AFC squad 24/25 - Statistics

General Stats
  • This quiz has been taken 49 times
  • The average score is 20 of 44
Answer Stats
Hint Answer % Correct
FW Paul Mullin
97%
FW Ollie Palmer
84%
GK Arthur Okonkwo
77%
MF Elliot Lee
74%
GK Mark Howard
74%
CB Max Cleworth
74%
WB Jacob Mendy
71%
GK Callum Burton
65%
CB Aaron James
61%
WB James McClean
61%
FW Jay Rodriguez
61%
MF Matty James
61%
FW Sam Smith
61%
FW Steven Fletcher
61%
WB Ryan Barnett
58%
WB Ryan Longman
55%
MF Andy Cannon
52%
GK Brad Foster
52%
MF Ollie Rathbone
52%
MF Harry Ashfield
48%
CB Eoghan O'Connell
45%
CB Lewis Brunt
45%
MF George Dobson
42%
FW Jack Marriott
42%
MF James Jones
42%
CB Thomas O'Connor
39%
CB Dan Scarr
35%
GK Liam Hall
35%
FW Modou Faal
35%
WB Sebastian Revan
35%
CB Will Boyle
35%
MF George Evans
29%
MF Jordan Davies
29%
FW Sam Dalby
29%
WB Anthony Forde
26%
FW Jake Bickerstaff
26%
WB Luke Bolton
26%
GK Luke McNicholas
26%
FW Callum Edwards
13%
FW James Rainbird
13%
FW Billy Waters
10%
CB Harry Dean
10%
FW Jón Daði Böðvarsson
10%
MF Josh Adam
10%
No matching quizzes found
Score Distribution
Percent of People with Each Score
Percentile by Number Answered
Your Score History
You have not taken this quiz